[Event "Hong Kong Blitz op"]
[Site "Hong Kong"]
[Date "2024.12.29"]
[Round "2"]
[White "Zhang, Haoxuan1"]
[Black "Cao, Ethan"]
[Result "1-0"]
[WhiteElo "1987"]
[BlackElo "1530"]
[PlyCount "65"]
[EventDate "2024.12.29"]
[EventType "swiss (blitz)"]
[EventRounds "9"]
[EventCountry "HKG"]
[SourceTitle "CB01_2025"]
[SourceDate "2025.01.01"]
[SourceVersion "1"]
[SourceVersionDate "2025.01.01"]
[SourceQuality "1"]

1. Nf3 d5 2. d4 Nf6 3. c4 c6 4. cxd5 cxd5 5. Bf4 Bf5 6. e3 Nbd7 7. Nc3 e6 8. Rc1 Bb4 9. Qb3 Qb6 10. Be2 0-0 11. 0-0 Bxc3 12. Qxc3 Rac8 13. Qxc8 Rxc8 14. Rxc8+ Nf8 15. b3 e5 16. dxe5 Nh5 17. Rcc1 Nxf4 18. exf4 Qg6 19. Nh4 Qh5 20. Bxh5 g6 21. Nxf5 gxf5 22. Rc7 Ng6 23. g3 b6 24. Rxa7 d4 25. Rd1 b5 26. Rxd4 b4 27. Rd8+ Kg7 28. Rdd7 Kh6 29. Bxg6 hxg6 30. Rxf7 Kh5 31. Rh7+ Kg4 32. Kg2 g5 33. h3# 1-0